|
|
|
|
| LEADER |
00947cam a2200301 7i4500 |
| 001 |
0000036589 |
| 005 |
20211008090000.0 |
| 007 |
##ta |
| 008 |
211006s2020 my eng |
| 020 |
# |
# |
|a 9783039365678
|
| 040 |
# |
# |
|a MATR
|
| 090 |
0 |
0 |
|a B 658.514
|b IND
|
| 245 |
0 |
0 |
|a Industry 4.0 for SMEs :
|b smart manufacturing and logistics for SMEs /
|c Edited by Erwin Rauch, Manuel Woschank.
|
| 264 |
# |
4 |
|a ♭.
|
| 264 |
# |
0 |
|a Basel, Switzerland:
|b MDPI,
|c 2020.
|
| 300 |
# |
# |
|a ix, 336 pages:
|b illustrations;
|c 25 cm.
|
| 336 |
# |
# |
|a text
|2 rdacontent
|
| 337 |
# |
# |
|a unmediated
|2 rdamedia
|
| 338 |
# |
# |
|a volume
|2 rdacarrier
|
| 504 |
# |
# |
|a Includes bibliographical references and index
|
| 650 |
2 |
0 |
|a Small business
|
| 650 |
2 |
0 |
|a Smart manufacturing
|
| 650 |
2 |
0 |
|a Management science
|
| 650 |
2 |
0 |
|a Logistics
|
| 650 |
1 |
0 |
|a Industrial management
|
| 700 |
1 |
# |
|a Rauch, Erwin
|
| 700 |
1 |
# |
|a Woschank, Manuel
|
| 999 |
|
|
|a B000041324
|b Book
|c Book
|e Business Information Centre
|